000 01035cam a2200301 a 4500
001 2015723
003 ARRUPE
005 20150716151657.0
008 910905s1992 nyua b s001 0 eng
010 _a 91033859
020 _a0791411192 (hard : alk. paper)
020 _a0791411206 (pbk. : alk. paper)
040 _aDLC
_cDLC
_dDLC
050 0 0 _aB72
_b.S33 1992
082 0 0 _a144/.3
_220
100 1 _aSchulkin, Jay.
_914553
245 1 4 _aThe pursuit of inquiry /
_cJay Schulkin.
260 _aAlbany :
_bState University of New York,
_cc1992.
300 _ax, 207 p. :
_bill. ;
_c24 cm.
504 _aIncludes bibliographical references (p. 169-191) and index.
650 0 _aPhilosophy.
_918291
650 0 _aPhilosophy of mind.
_918292
650 0 _aPragmatism.
_918293
650 0 _aInquiry (Theory of knowledge)
_918294
906 _a7
_bcbc
_corignew
_d1
_eocip
_f19
_gy-gencatlg
942 _2lcc
_cMONOGRAPH
999 _c122965
_d122965